000 00397nam a2200157 i 4500
001 76257
003 ES-MaACL
005 20230906172755.0
007 t|
008 040930s1965 uy ||||1| spa d
100 1 _aGuerra, Eulalio G.
_960487
245 1 0 _aDitirambos /
_cpor Ego.
260 _a[Montevideo?] :
_bEgo,
_c1964.
300 _a64 p. ;
_c20 cm.
852 _aES-MaACL
_jC-30413
_bR.55693
999 _c76257
_d76257